ARRUPE JESUIT UNIVERSITY

CORONAVIRUS -STOP THE SPREAD - CLEAN,DISINFECT,COVER

Becoming Nigerian in Ijo society / (Record no. 129553)

MARC details
000 -LEADER
fixed length control field 01189cam a2200325 a 4500
001 - CONTROL NUMBER
control field 2436491
003 - CONTROL NUMBER IDENTIFIER
control field ARRUPE
005 - DATE AND TIME OF LATEST TRANSACTION
control field 20190503100900.0
008 - FIXED-LENGTH DATA ELEMENTS--GENERAL INFORMATION
fixed length control field 880318s1989 njua b s001 0 eng
010 ## - LIBRARY OF CONGRESS CONTROL NUMBER
LC control number 88010111
020 ## - INTERNATIONAL STANDARD BOOK NUMBER
International Standard Book Number 081351360X :
Terms of availability $28.00
040 ## - CATALOGING SOURCE
Original cataloging agency DLC
Transcribing agency DLC
Modifying agency DLC
043 ## - GEOGRAPHIC AREA CODE
Geographic area code f-nr---
050 00 - LIBRARY OF CONGRESS CALL NUMBER
Classification number DT515.45.I35
Item number H65 1989
082 00 - DEWEY DECIMAL CLASSIFICATION NUMBER
Classification number 305.2/3/089963
Edition number 19
300 ## - PHYSICAL DESCRIPTION
Other physical details ill. ;
Dimensions 23 cm.
100 1# - MAIN ENTRY--PERSONAL NAME
Personal name Hollos, Marida,
Dates associated with a name 1940-
9 (RLIN) 46222
245 10 - TITLE STATEMENT
Title Becoming Nigerian in Ijo society /
Statement of responsibility, etc Marida Hollos and Philip E. Leis.
260 ## - PUBLICATION, DISTRIBUTION, ETC. (IMPRINT)
Place of publication, distribution, etc New Brunswick [N.J.] :
Name of publisher, distributor, etc Rutgers University Press,
Date of publication, distribution, etc c1989.
300 ## - PHYSICAL DESCRIPTION
Extent xxii, 167 p. :
440 #0 - SERIES STATEMENT/ADDED ENTRY--TITLE
Title Adolescents in a changing world
9 (RLIN) 46223
500 ## - GENERAL NOTE
General note Includes index.
504 ## - BIBLIOGRAPHY, ETC. NOTE
Bibliography, etc Bibliography: p. 159-161.
650 #0 - SUBJECT ADDED ENTRY--TOPICAL TERM
Topical term or geographic name as entry element Ijo (African people)
General subdivision Youth
9 (RLIN) 46224
650 #0 - SUBJECT ADDED ENTRY--TOPICAL TERM
Topical term or geographic name as entry element Ijo (African people)
General subdivision Children
9 (RLIN) 46225
650 #0 - SUBJECT ADDED ENTRY--TOPICAL TERM
Topical term or geographic name as entry element Ijo (African people)
General subdivision Social conditions.
9 (RLIN) 46226
651 #0 - SUBJECT ADDED ENTRY--GEOGRAPHIC NAME
Geographic name Nigeria
General subdivision Social conditions
Chronological subdivision 1960-
9 (RLIN) 9123
700 1# - ADDED ENTRY--PERSONAL NAME
Personal name Leis, Philip E.
9 (RLIN) 46227
906 ## - LOCAL DATA ELEMENT F, LDF (RLIN)
a 7
b cbc
c orignew
d 1
e ocip
f 19
g y-gencatlg
942 ## - ADDED ENTRY ELEMENTS (KOHA)
Source of classification or shelving scheme Library of Congress Classification
Koha item type Monograph ( Printed materials)
Holdings
Withdrawn status Lost status Source of classification or shelving scheme Damaged status Not for loan Collection code Home library Current library Shelving location Date acquired Total Checkouts Full call number Barcode Date last seen Price effective from Koha item type
    Library of Congress Classification     Main Collection ARRUPE LIBRARY ARRUPE LIBRARY Main Collection 03/05/2019   DT515.45.I35 H65 1989 46600004657 03/05/2019 03/05/2019 Monograph ( Printed materials)

 

Arrupe Library. PO Box MP320 Mt Pleasant, Harare, Zimbabwe
263 242 745411|librarian@aju.ac.zw